Fr. Conceicao Rodrigues College of Engineering

Probability (Record no. 35541)

MARC details
000 -LEADER
fixed length control field 00381nam a2200181Ia 4500
082 ## - DEWEY DECIMAL CLASSIFICATION NUMBER
Classification number 519.2
Item number VEE
100 ## - MAIN ENTRY--PERSONAL NAME
Personal name Veerarajan/T
250 ## - EDITION STATEMENT
Edition statement 3
245 ## - TITLE STATEMENT
Title Probability
260 ## - PUBLICATION, DISTRIBUTION, ETC.
Name of publisher, distributor, etc. MCGRAW HILL PUBL.
Date of publication, distribution, etc. 2008
366 ## - TRADE AVAILABILITY INFORMATION
Publishers's discount category 25
300 ## - PHYSICAL DESCRIPTION
Extent 595
546 ## - LANGUAGE NOTE
Language note ENGLISH
-- production
650 ## - SUBJECT ADDED ENTRY--TOPICAL TERM
Topical term or geographic name entry element Probability and statistics
654 ## - SUBJECT ADDED ENTRY--FACETED TOPICAL TERMS
Focus term probability
942 ## - ADDED ENTRY ELEMENTS (KOHA)
Koha item type BOOK
Holdings
Withdrawn status Lost status Damaged status Not for loan Collection Home library Current library Date acquired Source of acquisition Cost, normal purchase price Inventory number Total Checkouts Full call number Barcode Date last seen Date last checked out Cost, replacement price Price effective from Koha item type
        CRC Fr. Agnel's C.Rodrigues College of Engineering Fr. Agnel's C.Rodrigues College of Engineering 17/03/2023 Book Base 213.75 9633 dt 28/04/2010 2 519.2 VEE 20570 30/09/2024 14/08/2024 285.00   BOOK